000
00342nam a2200133Ia 4500
008
240624s9999 xx 000 0 und d
041
_a
eng
082
_a
823 TOL
100
_a
TOLSTOY LEO
245
_a
FROM THE COSSACKS AND OTHER EARLY STORIE
260
_c
2012
_a
London
_b
Wordsworth Classics
300
_a
357 : p. : cm. ; 22
365
_c
RS
999
_c
27841
_d
27841